Temas y ejercicios de teoría económica (Registro nro. 5490)

Detalles MARC
000 -LEADER
fixed length control field 01286 a2200217 4500
001 - CONTROL NUMBER
control field 54326
005 - DATE AND TIME OF LATEST TRANSACTION
control field 20260407155815.0
008 - FIXED-LENGTH DATA ELEMENTS--GENERAL INFORMATION
fixed length control field 260407a1967 arg spa d
003 - CONTROL NUMBER IDENTIFIER
control field AR-UNSa-BCEJYS
040 ## - CATALOGING SOURCE
Original cataloging agency AR-UNSa-BCEJYS
Language of cataloging spa
Transcribing agency AR-UNSa-BCEJYS
080 ## - UNIVERSAL DECIMAL CLASSIFICATION NUMBER
Universal Decimal Classification number 330.1
Common auxiliary subdivision Ciencia económica. Conceptos fundamentales de teoría económica. Valor. Capital. Fondos
041 ## - LANGUAGE CODE
Language code of text/sound track or separate title spa
100 1# - MAIN ENTRY--PERSONAL NAME
Personal name Schneider, Erich
245 10 - TITLE STATEMENT
Title Temas y ejercicios de teoría económica
264 #1 - PRODUCTION, PUBLICATION, DISTRIBUTION, MANUFACTURE, AND COPYRIGHT NOTICE
Place of production, publication, distribution, manufacture Madrid :
Name of producer, publisher, distributor, manufacturer Aguilar
Date of production, publication, distribution, manufacture, or copyright notice 1967
300 ## - PHYSICAL DESCRIPTION
Extent 156 p.
Dimensions 22 cm.
505 ## - FORMATTED CONTENTS NOTE
Formatted contents note Parte I: 1. Proceso productivo y orden económico - 2. Patrimonio y cuenta de patrimonio de la economía de cambio - 3. Circulación económica y renta "ex post" en la economía de cambio - Parte II: 1. El plan económico de la unidad económica de consumo y de la empresa de producción - 2. Equilibrio económico - Parte III: 1. Dinero y crédito - 2. Determinantes de la renta nacional y de sus fluctuaciones en una economía cerrada - 3. Determinantes de la renta nacional y de sus fluctuaciones en una economía abierta; balanza de pagos, renta nacional y tipo de cambio - Parte IV: 1. Temas y ejercicios de diferentes materias
590 ## - LOCAL NOTE (RLIN)
Local note niveau_biblio:m niveau_hierar:0
700 1# - ADDED ENTRY--PERSONAL NAME
Personal name Merino, Luis Adolfo Martín
942 ## - ADDED ENTRY ELEMENTS (KOHA)
Koha item type
Existencias
Withdrawn status Lost status Damaged status Not for loan Home library Current library Shelving location Date acquired Total checkouts Full call number Barcode Date last seen Price effective from Koha item type
        Biblioteca Prof. Eusebio Cleto del Rey Biblioteca Prof. Eusebio Cleto del Rey   07/04/2026   330.1 S358 L22917 07/04/2026 07/04/2026 Libro
        Biblioteca Prof. Eusebio Cleto del Rey Biblioteca Prof. Eusebio Cleto del Rey   07/04/2026   330.1 S358 L22918 07/04/2026 07/04/2026 Libro